00490 2200205 4500001002100000005001500021035002000036007000300056008004100059082000800100084001400108100002200122245004700144250001200191260002900203300002300232600001000255856000800265990001100273INLIS00000000000038820260414094212 a0010-0426000047ta260414 0  a428 a428 PAR s0 aPARDIYONO,.M.I.D.1 aSURE! :bENGLISH FOR SPEAKING ACQUISITIOON aPERTAMA aSURAKARTA :bLPID,c2008 a148 hlm ;c20,5 cm 4aSURE! a400 a35.118